| 000 | 02269nam2a2200337 i 4500 | ||
|---|---|---|---|
| 001 | RU\NLR\bibl\2056355 | ||
| 005 | 20241225204325.0 | ||
| 010 |
_a9785905257131 _9150 |
||
| 021 |
_aRU _b2013-49565 _93432 |
||
| 035 | _a(NLR Aleph) 002043245 | ||
| 090 |
_a4606221 _c4606221 |
||
| 100 | _a20130723d2013 k y0rusy50 ca | ||
| 101 | 0 | _arus | |
| 102 | _aRU | ||
| 105 | _aa|||z|||000yy | ||
| 200 | 0 |
_a... в 2012 году _f[Коробова Н.П., к.п.н., засл. учитель РФ, отличник нар. просвещения, Гурьева С.Л., Панасенко М.В. и др. _gред.: Коробова Н.П., к.п.н., засл. учитель РФ, отличник нар. просвещения] |
|
| 210 | _d2013 | ||
| 215 |
_a85 с. _cил., цв. ил. |
||
| 300 | _aОбщ. загл. тома: Публичный доклад о результатах работы БУ "Нижневартовский социально-гуманитарный колледж" | ||
| 300 | _aАвт. указаны на обороте тит.л. | ||
| 461 | 1 |
_1001RU\NLR\bibl\1881847 _12001#$aПубличный доклад о результатах работы БУ СПО ХМАО-Югры "Нижневартовский социально-гуманитарный колледж"...$v... в 2012 году _0RU\NLR\bibl\1881847 _92669080 _cНижневартовск _d2011 _e[Офиц. изд.] _fКоробова Н.П., Буркова Н.Г., Гурьева С.Л. [и др.] _nНижневартовский социально-гуманитарный колледж _tПубличный доклад о результатах работы БУ СПО ХМАО-Югры "Нижневартовский социально-гуманитарный колледж"... _v... в 2012 году |
|
| 517 | 0 | _aПубличный доклад о результатах работы БУ "Нижневартовский социально-гуманитарный колледж" | |
| 701 | 1 |
_aКоробова _bН. П. |
|
| 701 | 1 |
_aГурьева _bС. Л. |
|
| 701 | 1 |
_aПанасенко _bМ. В. |
|
| 801 | 0 |
_aRU _bNLR _c20130723 _gRCR |
|
| 801 | 1 |
_aRU _bNLR _c20130723 |
|
| 942 | _cBOOK | ||
| 980 | _aNBR | ||